000
00303nam a22001217a 4500
008
180118b xxu||||| |||| 00| 0 eng d
041
_a
eng
080
_a
339.138 TAY
100
_a
60
101
_a
MAR
245
_a
The consumer in american society: additional dimensions
_c
Taylor,J.L
942
_2
udc
_c
BK
999
_c
40481
_d
40481